00560nam a2200169 a 450000500170000000800410001702000180005805000180007610000220009424500430011626000380015930000220019744000310021965000110025099900190026195201100028020140412111232.0010523s19uu xx 00 eng d a0-307-12299-9 aERbTr67 1984 aDiFiori, Lawrence aThe truck book /cby Lawrence Difiori. aNew York :bA Golden Book,c1984. a1v. (unp.) ; ill. aA Golden Sturdy Shape Book aTrucks c102195d102195 00104050aELbELcERd2001-05-23eDonationl0oER Tr67 1984pE0749r2014-04-12 00:00:00w2014-04-12yBK